Pulse plasma-chemical synthesis of amorphous phase of nanosize titanium dioxide; Известия вузов. Физика; Т. 55, № 10-3
| Parent link: | Известия вузов. Физика: научный журнал/ Национальный исследовательский Томский государственный университет (ТГУ).— , 1957- Т. 55, № 10-3.— 2012.— [С. 173-175] |
|---|---|
| المؤلف الرئيسي: | |
| مؤلف مشترك: | |
| مؤلفون آخرون: | , |
| الملخص: | Title screen The paper presents the investigation results of the properties of nanosize titanium dioxide synthesized by the pulse plasma-chemical method. The nanosize oxide was synthesized on the basis of the laboratory facility comprising the TEA-500 pulse electron accelerator and a reaction chamber. The morphology of the obtained oxide was studied by a JEOL-II-100 transmission electron microscope with the accelerating voltage of 100 kV. The crystal structure of the nanosize powder was determined by using the standard method of X-ray phase analysis. The reaction products were analyzed using a “Shimadzu XRD - 6000/7000” diffractometer. The obtained oxide particles have a round shape; their surface is covered with more round particles. There are also the particles with a cubic facet and a pure surface. The particles of nanosized TiO 2 have an average diameter of 60-110 nm. A specific feature of the obtained oxides is a high content of the amorphous phase (up to 45 %). Режим доступа: по договору с организацией-держателем ресурса |
| اللغة: | الإنجليزية |
| منشور في: |
2012
|
| الموضوعات: | |
| الوصول للمادة أونلاين: | http://elibrary.ru/item.asp?id=21131059 |
| التنسيق: | MixedMaterials الكتروني فصل الكتاب |
| KOHA link: | https://koha.lib.tpu.ru/cgi-bin/koha/opac-detail.pl?biblionumber=637509 |
MARC
| LEADER | 00000nla0a2200000 4500 | ||
|---|---|---|---|
| 001 | 637509 | ||
| 005 | 20250422091956.0 | ||
| 035 | |a (RuTPU)RU\TPU\network\1661 | ||
| 090 | |a 637509 | ||
| 100 | |a 20140923d2012 k||y0rusy50 ba | ||
| 101 | 0 | |a eng | |
| 102 | |a RU | ||
| 135 | |a drnn ---uucaa | ||
| 181 | 0 | |a i | |
| 182 | 0 | |a b | |
| 200 | 1 | |a Pulse plasma-chemical synthesis of amorphous phase of nanosize titanium dioxide |f G. E. Kholodnaya, D. V. Ponomarev, R. V. Sazonov | |
| 203 | |a Text |c electronic | ||
| 300 | |a Title screen | ||
| 330 | |a The paper presents the investigation results of the properties of nanosize titanium dioxide synthesized by the pulse plasma-chemical method. The nanosize oxide was synthesized on the basis of the laboratory facility comprising the TEA-500 pulse electron accelerator and a reaction chamber. The morphology of the obtained oxide was studied by a JEOL-II-100 transmission electron microscope with the accelerating voltage of 100 kV. The crystal structure of the nanosize powder was determined by using the standard method of X-ray phase analysis. The reaction products were analyzed using a “Shimadzu XRD - 6000/7000” diffractometer. The obtained oxide particles have a round shape; their surface is covered with more round particles. There are also the particles with a cubic facet and a pure surface. The particles of nanosized TiO 2 have an average diameter of 60-110 nm. A specific feature of the obtained oxides is a high content of the amorphous phase (up to 45 %). | ||
| 333 | |a Режим доступа: по договору с организацией-держателем ресурса | ||
| 461 | |t Известия вузов. Физика |o научный журнал |f Национальный исследовательский Томский государственный университет (ТГУ) |d 1957- | ||
| 463 | |t Т. 55, № 10-3 |v [С. 173-175] |d 2012 | ||
| 610 | 1 | |a электронный ресурс | |
| 610 | 1 | |a труды учёных ТПУ | |
| 610 | 1 | |a plasma-chemical synthesis | |
| 610 | 1 | |a titanium dioxide | |
| 610 | 1 | |a electron beam | |
| 610 | 1 | |a anatase | |
| 610 | 1 | |a rutil | |
| 700 | 1 | |a Kholodnaya |b G. E. |c electrophysicist |c Associate Scientist of Tomsk Polytechnic University, candidate of technical Sciences |f 1986- |g Galina Evgenievna |3 (RuTPU)RU\TPU\pers\32699 |9 16585 | |
| 701 | 1 | |a Ponomarev |b D. V. |c physicist |c Senior researcher of Tomsk Polytechnic University, Candidate of technical sciences |f 1981- |g Denis Vladimirovich |3 (RuTPU)RU\TPU\pers\32702 | |
| 701 | 1 | |a Sazonov |b R. V. |c physicist |c senior researcher of Tomsk Polytechnic University, candidate of physico-mathematical Sciences |f 1984- |g Roman Vladimirovich |3 (RuTPU)RU\TPU\pers\32698 |9 16584 | |
| 712 | 0 | 2 | |a Национальный исследовательский Томский политехнический университет (ТПУ) |b Институт физики высоких технологий (ИФВТ) |b Кафедра техники и электрофизики высоких напряжений (ТЭВН) |3 (RuTPU)RU\TPU\col\18692 |
| 801 | 2 | |a RU |b 63413507 |c 20160202 |g RCR | |
| 850 | |a 63413507 | ||
| 856 | 4 | |u http://elibrary.ru/item.asp?id=21131059 | |
| 942 | |c CF | ||